The Entire 'Tate McRae' Discography (2026) - Statistics

General Stats
  • This quiz has been taken 4,033 times
    23 since last reset
  • The average score is 36 of 82
Answer Stats
PROJECT ANSWER % Correct
FEATURE 10:35
80%
SO CLOSE TO WHAT??? (deluxe) HORSE SHOE
70%
THINK LATER messier
70%
So Close To What Purple lace bra
70%
i used to think i could fly she's all i wanna be
70%
THINK LATER think later
70%
SO CLOSE TO WHAT??? (deluxe) TIT FOR TAT
70%
FEATURE You
70%
i used to think i could fly boy x
60%
i used to think i could fly chaotic
60%
So Close To What Dear god
60%
i used to think i could fly don't come back
60%
THINK LATER exes
60%
i used to think i could fly feel like shit
60%
THINK LATER greedy
60%
THINK LATER guilty conscience
60%
So Close To What It's ok I'm ok
60%
SINGLES Just Keep Watching
60%
SO CLOSE TO WHAT??? (deluxe) NOBODY'S GIRL
60%
THINK LATER plastic palm trees
60%
So Close To What Revolving door
60%
TOO YOUNG TO BE SAD rubberband
60%
THINK LATER run for the hills
60%
So Close To What Sports car
60%
i used to think i could fly what would you do?
60%
TOO YOUNG TO BE SAD you broke me first
60%
So Close To What 2 hands
50%
SO CLOSE TO WHAT??? (deluxe) ANYTHING BUT LOVE
50%
So Close To What bloodonmyhands
50%
THINK LATER calgary
50%
THINK LATER cut my hair
50%
So Close To What Greenlight
50%
So Close To What I know love
50%
So Close To What Means I care
50%
So Close To What Miss possessive
50%
So Close To What Nostalgia
50%
all the things i never said stupid
50%
all the things i never said that way
50%
SO CLOSE TO WHAT??? (deluxe) TRYING ON SHOES
50%
SINGLES uh oh
50%
THINK LATER we're not alike
50%
SINGLES working
50%
i used to think i could fly you're so cool
50%
all the things i never said all my friends are fake
40%
THINK LATER grave
40%
THINK LATER hurt my feelings
40%
So Close To What Like I do
40%
So Close To What No I'm not in love
40%
SINGLES One Day
40%
TOO YOUNG TO BE SAD r u ok
40%
So Close To What Signs
40%
So Close To What siren sounds (bonus)
40%
THINK LATER stay done
40%
all the things i never said tear myself apart
40%
THINK LATER want that too
40%
FEATURE What I Want
40%
i used to think i could fly what's your problem
40%
TOO YOUNG TO BE SAD bad ones
30%
FEATURE Boys Ain't Shit
30%
SINGLES don't be sad
30%
i used to think i could fly go away
30%
all the things i never said happy face
30%
i used to think i could fly i'm so gone
30%
i used to think i could fly i still say goodnight
30%
SINGLES Kids Are Alright
30%
i used to think i could fly Question Mark
30%
TOO YOUNG TO BE SAD slower
30%
SINGLES Teenage Mind
30%
FEATURE u love u
30%
SINGLES vicious
30%
TOO YOUNG TO BE SAD wish i loved you in the 90s
30%
SINGLES Distant
20%
i used to think i could fly hate myself
20%
SINGLES Hung up on You
20%
SINGLES lie to me
20%
SINGLES Slip
20%
FEATURE All Day All Night
10%
SINGLES Can't Get It Out
10%
SINGLES Darkest Hour
10%
SINGLES Drown
10%
SINGLES Hard to Find
10%
SINGLES Shoulder to Shoulder
10%
No matching quizzes found
Score Distribution
Percent of People with Each Score
Percentile by Number Answered
Your Score History
You have not taken this quiz since the last reset